| 000 | 00791cam a2200313 a 4500 | ||
|---|---|---|---|
| 001 | 9025194 | ||
| 003 | OSt | ||
| 005 | 20170105113101.0 | ||
| 008 | 101021s2010 bl b 000 0apor | ||
| 010 | _a 2010355115 | ||
| 020 | _a9788575425770 | ||
| 020 | _a8575425773 | ||
| 029 | 1 |
_aUSMMEY _b12250416X |
|
| 029 | 1 |
_aUKLMB _b8575425773 |
|
| 029 | 1 |
_aNLGGC _b334461499 |
|
| 035 | _a(OCoLC)ocn692085223 | ||
| 035 | _a(OCoLC)692085223 | ||
| 035 | _a(NNC)9025194 | ||
| 040 |
_aDLC _cPUL |
||
| 042 | _apcc | ||
| 050 | 4 |
_aPQ9698.13.O3546 _bZ46 2011 |
|
| 100 | 1 | _aCoelho, Paulo. | |
| 245 | 1 | 2 |
_aO Aleph / _cPaulo Coelho. |
| 260 |
_aRio de Janeiro : _bSextante, _cc2010. |
||
| 300 |
_a255 p. : _bmap ; _c21 cm. |
||
| 942 |
_2ddc _cBK |
||
| 948 | 1 |
_a20110928 _bc _cdem5 _dMPS |
|
| 999 |
_c33049 _d33049 |
||